书目信息 |
| 题名: |
当代大学生创造与创业
|
|
| 作者: | 许延浪 主编 | |
| 分册: | ||
| 出版信息: | 西安 西北工业大学出版社 2009.09 |
|
| 页数: | 295页 | |
| 开本: | 23cm | |
| 丛书名: | ||
| 单 册: | ||
| 中图分类: | G640 , G647.38 | |
| 科图分类: | ||
| 主题词: | 大学生--da xue sheng--创造力--能力培养 , 大学生--da xue sheng--职业选择 | |
| 电子资源: | ||
| ISBN: | 978-7-5612-2696-4 | |
| 000 | 00967nam0 2200277 450 | |
| 001 | 012010155894 | |
| 005 | 20101104191358.93 | |
| 010 | @a978-7-5612-2696-4@dCNY28.00 | |
| 100 | @a20101104d2009 em y0chiy0120 ea | |
| 101 | 0 | @achi |
| 102 | @aCN@b610000 | |
| 105 | @aag a 000yy | |
| 106 | @ar | |
| 200 | 1 | @a当代大学生创造与创业@Adang dai da xue sheng chuang zao yu chuang ye@f许延浪主编@Fzhu bian xu yan lang |
| 210 | @a西安@c西北工业大学出版社@d2009.09 | |
| 215 | @a295页@c图, 乐谱@d23cm | |
| 300 | @a高等学校“十一五”规划教材 | |
| 320 | @a有书目 (第293-295页) | |
| 330 | @a本书从理论和实践两个方面介绍了创造学与创业学的基本原理。在此基础上,结合生动的案例阐述了创造力、创造性思维、创造技法等。 | |
| 606 | 0 | @a大学生@Ada xue sheng@x创造力@x能力培养 |
| 606 | 0 | @a大学生@Ada xue sheng@x职业选择 |
| 690 | @aG640@v4 | |
| 690 | @aG647.38@v4 | |
| 701 | 0 | @a许延浪@Axu yan lang@4主编 |
| 801 | 0 | @aCN@bQSSK@c20101104 |
| 905 | @b787131-33@dG640@eX913@f3 | |
| 当代大学生创造与创业/许延浪主编.-西安:西北工业大学出版社,2009.09 |
| 295页:图, 乐谱;23cm |
| 高等学校“十一五”规划教材 |
| ISBN 978-7-5612-2696-4:CNY28.00 |
| 本书从理论和实践两个方面介绍了创造学与创业学的基本原理。在此基础上,结合生动的案例阐述了创造力、创造性思维、创造技法等。 |
| ● |
| 相关链接 |
|
|
|
正题名:当代大学生创造与创业
索取号:G640/X913
 
预约/预借
| 序号 | 登录号 | 条形码 | 馆藏地/架位号 | 状态 | 备注 |
| 1 | 787131 | 207871310 | 社科库409/409社科库 14排1列4层/ [索取号:G640/X913] | 在馆 | |
| 2 | 787132 | 207871329 | 社科库409/409社科库 9排4列4层/ [索取号:G640/X913] | 在馆 | |
| 3 | 787133 | 207871338 | 社科库409/409社科库 9排4列4层/ [索取号:G640/X913] | 在馆 |